Historia de la filosofía
محفوظ في:
| التنسيق: | كتاب |
|---|---|
| اللغة: | الإسبانية |
| منشور في: |
Ciudad de México
Siglo Veintiuno
1984
|
| الطبعة: | 4a. ed |
| الموضوعات: | |
| الوسوم: |
إضافة وسم
لا توجد وسوم, كن أول من يضع وسما على هذه التسجيلة!
|
MARC
| LEADER | 00000nam a2200000 a 4500 | ||
|---|---|---|---|
| 001 | UCL1519 | ||
| 003 | CL-VaPUC | ||
| 008 | 030911e19840000MX |||||||||||||||||spa|d | ||
| 020 | |a 8432301124 obra completa | ||
| 020 | |a 8432304158 v.9 | ||
| 082 | 0 | 4 | |a 109 |b HIS |2 21 |
| 245 | 1 | 0 | |a Historia de la filosofía |
| 250 | |a 4a. ed | ||
| 300 | |a v | ||
| 942 | |c BK | ||
| 945 | |d 20030911 00:00:00 |a vberengu | ||
| 260 | |a Ciudad de México |b Siglo Veintiuno |c 1984 | ||
| 500 | |a v.9: Las filosofías nacionales: siglos XIX y XX | ||
| 650 | 0 | |a Historia de la filosofía |9 256920 | |
| 583 | |a last modification |c 20030911 00:00:00 |k Rodrigo Vera | ||
| 999 | |c 305055 |d 305053 | ||
| 952 | |0 0 |1 2 |4 0 |6 109_000000000000000_HIS_1984 |7 0 |8 A |9 368003 |a BIBTEO |b BIBTEO |d 2019-11-21 |h v.9 |i 207737K |o 109 HIS 1984 |p 207737K |r 2019-11-21 |w 2019-11-21 |y BK |k ICR | ||